Statistics for Least Peaceful Countries - this decade

Click here to take the quiz!

General Stats

  • This quiz has been taken 168 times
    (40 since last reset)
  • The average score is 30 of 44

Answer Stats

Answer% Correct
Afghanistan
94%
Iraq
94%
Iran
92%
Russia
92%
Syria
92%
Pakistan
89%
India
86%
Israel
86%
Niger
86%
Sudan
86%
Ukraine
86%
South Sudan
83%
Yemen
83%
Nigeria
81%
Somalia
81%
Venezuela
78%
Ethiopia
75%
Lebanon
75%
Mali
75%
Egypt
72%
Libya
72%
Chad
69%
Democratic Republic of the Congo
69%
Eritrea
69%
Turkey
69%
Saudi Arabia
67%
Colombia
64%
Kenya
64%
Mexico
64%
North Korea
64%
Cameroon
58%
Central African Republic
58%
Myanmar
58%
Rwanda
56%
Zimbabwe
56%
Burkina Faso
53%
South Africa
53%
Azerbaijan
47%
Burundi
47%
Georgia
36%
Nicaragua
33%
Ivory Coast
25%
Philippines
22%
Kyrgyzstan
14%

Score Distribution

Percentile by Number Answered

Percent of People with Each Score

Your Score History

You have not taken this quiz since the last reset